Seinfeld Quotes Click-in-the-Blank Quiz Stats

 Plays Quiz Updated Jun 18, 2016

Also try: Seinfeldisms
Challenge
Share
Tweet
Embed
Score 0/32 Timer 07:00
0 Plays Today
% Correct
Soup
92.3%
Dingo
91.1%
Pretzels
89.4%
Shrinkage
88.7%
Festivus
87.9%
Speech
87.9%
Thermometer
87.7%
Successful
87.4%
Nexus
85.1%
Undateable
84%
Arby's
82.2%
Eggrolls
81.4%
Cemetery
79%
Career
77.7%
Israel
76.5%
Holes
75.7%
% Correct
Pirate
75.5%
Information
75.4%
Napkins
75.3%
Pony
75.2%
Balm
74%
Loogie
71.1%
People
69.7%
Twinkie
67.8%
Sorries
67.7%
Bisque
66.7%
Mailboxes
64.7%
Muffin
61.6%
Moses
61.2%
Bum
55.1%
Dementia
49%
Pustule
46.2%

You're not logged in!

Compare scores with friends on all Sporcle quizzes.
Join for Free
OR
Log In

You Might Also Like...

Show Comments

Extras

Top Quizzes Today


Score Distribution

Your Account Isn't Verified!

In order to create a playlist on Sporcle, you need to verify the email address you used during registration. Go to your Sporcle Settings to finish the process.

Report this User

Report this user for behavior that violates our Community Guidelines.

Details: